000 01059nam a2200277 i 4500
003 DO-SdBNP
005 20250610110618.0
007 ta
008 250610b2022 dr d r 00| 0 spa d
020 _a9789945509236
040 _aDO-SdBNP
_bspa
_cBNPHU
_erda
082 4 _axxxx
_bF363
_222
100 1 _aFernández Florencio, Katherine
_987932
_eautora
_4aut.
245 1 0 _aMedioambiente y cambio climático :
_banálisis especializado con base en la encuesta de cultura política y cambio climático en Repùblica Dominicana /
_cKatherine Fernández Florencio
264 1 _aSanto Domingo :
_bFundación Friedrich Ebert Stiftung,
_c2022.
300 _a12 páginas
_bgrafícas
_c30 cm.
336 _atexto
_btxt
_2rdacontent
337 _asin mediación
_bn
_2rdamedia
338 _2rdacurrier
_avolumen
_bnc
490 1 _aCambio climático, energía y medioambiente ;
490 1 _aPerspectiva ;
500 _aIncluye datos biográficos de la autora en la última página.
590 _aInventariado, 2025/ YL
910 _aYLockward
942 _2ddc
_cLF2
999 _c59196
_d59196